| 000 | 00533nam a2200193Ia 4500 | ||
|---|---|---|---|
| 003 | OSt | ||
| 005 | 20220928150158.0 | ||
| 006 | a|||||r|||| 00| 0 | ||
| 007 | ta | ||
| 008 | 220927b |||||||| |||| 00| 0 eng d | ||
| 024 | _a88929 | ||
| 037 | _cTextual | ||
| 040 |
_aSDCL _cSDCL _beng |
||
| 041 |
_2eng _aeng |
||
| 082 | _aE9Ln1,N80, M0.4.-5 | ||
| 245 | 0 | _aPHYSICOCHEMICAL BIOLOGY reviews (Irregular .V1 - ;1980 ) This library has V4.-1984 | |
| 942 |
_hE9Ln1,N80, M0.4.-5 _cTEXL _2CC |
||
| 999 |
_c840687 _d840687 |
||